Normal view
MARC view
Entry Personal Name
001 - CONTROL NUMBER
- control field: 17773
003 - CONTROL NUMBER IDENTIFIER
- control field: ARRUPE
005 - DATE AND TIME OF LATEST TRANSACTION
- control field: 20150513130501.0
008 - FIXED-LENGTH DATA ELEMENTS
- fixed length control field: 150513|| aca||aabn | a|a d
040 ## - CATALOGING SOURCE
- Original cataloging agency: ARRUPE
- Transcribing agency: ARRUPE
100 ## - HEADING--PERSONAL NAME
- Personal name: Chave-jones, Maria
670 ## - SOURCE DATA FOUND
- Source citation: Work cat.: (ARRUPE): Chave-jones, Maria , Living with anger , 1992